Historia ilustrada del libro español. (Record no. 12561)

MARC details
000 -LEADER
campo de control de longitud fija 01080nam a2200301 i 4500
001 - NÚMERO DE CONTROL
campo de control 12561
003 - IDENTIFICADOR DE NÚMERO DE CONTROL
campo de control ES-MaACL
005 - FECHA Y HORA DE LA ÚLTIMA TRANSACCIÓN
campo de control 20250824201531.0
007 - CAMPO FIJO DE DESCRIPCIÓN FÍSICA--INFORMACIÓN GENERAL
campo de control de longitud fija t|
008 - DATOS DE LONGITUD FIJA--INFORMACIÓN GENERAL
campo de control de longitud fija 930716m1996 sp a |||| | spa
020 ## - NÚMERO INTERNACIONAL ESTÁNDAR DEL LIBRO
Número Internacional Estándar del Libro 84-89384-06-1
020 ## - NÚMERO INTERNACIONAL ESTÁNDAR DEL LIBRO
Número Internacional Estándar del Libro 84-368-1014-7
080 ## - NÚMERO DE LA CLASIFICACIÓN DECIMAL UNIVERSAL
Número de la Clasificación Decimal Universal 002(460)(091)
080 ## - NÚMERO DE LA CLASIFICACIÓN DECIMAL UNIVERSAL
Número de la Clasificación Decimal Universal 002(460)"18/19"(091)
245 00 - MENCIÓN DEL TÍTULO
Título Historia ilustrada del libro español.
Número de parte o sección de la obra 3,
Nombre de parte o sección de la obra La edición moderna
Resto del título : siglos XIX y XX /
Mención de responsabilidad, etc. bajo la dirección de Hipólito Escolar ; colaboradores, Jean-François Botrel ... [et al.].
260 ## - PUBLICACIÓN, DISTRIBUCIÓN, ETC.
Lugar de publicación, distribución, etc. Madrid :
Nombre del editor, distribuidor, etc. Fundación Germán Sánchez Ruipérez :
-- Pirámide,
Fecha de publicación, distribución, etc. 1996.
300 ## - DESCRIPCIÓN FÍSICA
Extensión 608 p. :
Otras características físicas il. col. ;
Dimensiones 26 cm.
490 1# - MENCIÓN DE SERIE
Mención de serie Biblioteca del libro ;
Designación de volumen o secuencia 66
500 ## - NOTA GENERAL
Nota general Índice.
650 #4 - PUNTO DE ACCESO ADICIONAL DE MATERIA--TÉRMINO DE MATERIA
Término de materia o nombre geográfico como elemento de entrada Libros-
Subdivisión geográfica España-
Subdivisión de forma Historia.
9 (RLIN) 14432
650 #4 - PUNTO DE ACCESO ADICIONAL DE MATERIA--TÉRMINO DE MATERIA
Término de materia o nombre geográfico como elemento de entrada Libros-
Subdivisión geográfica España-
Subdivisión cronológica S.XIX.
9 (RLIN) 14433
650 #4 - PUNTO DE ACCESO ADICIONAL DE MATERIA--TÉRMINO DE MATERIA
Término de materia o nombre geográfico como elemento de entrada Libros-
Subdivisión geográfica España-
Subdivisión cronológica S.XX.
9 (RLIN) 167637
700 1# - ENTRADA AGREGADA--NOMBRE PERSONAL
Nombre de persona Escolar Sobrino, Hipólito.
9 (RLIN) 47607
700 1# - ENTRADA AGREGADA--NOMBRE PERSONAL
Nombre de persona Botrel, Jean-François.
9 (RLIN) 30790
830 10 - PUNTO DE ACCESO ADICIONAL DE SERIE-TÍTULO UNIFORME
Título uniforme Biblioteca del libro
Designación de volumen o secuencia 66
9 (RLIN) 177916
852 ## - LOCALIZACIÓN
Ubicación ES-MaACL
Número de control de estantería L-19835
Holdings
Estatus retirado Estado de pérdida Estado de daño No para préstamo Biblioteca de origen Biblioteca actual Ubicación en estantería Fecha de adquisición Fuente de adquisición Total de préstamos Signatura topográfica completa Código de barras Visto por última vez Precio de reemplazo Tipo de ítem Koha
        Biblioteca del Ateneo de Madrid Biblioteca del Ateneo de Madrid Depósito 2 17/01/2008     L-19835 1012797 23/02/2023 23/02/2023 Libro impreso